00841nam a2200265 a 450000100060000000300080000600500170001400800410003102000150007202000210008703500190010804000270012704100080015408200220016210000210018424501130020525000120031826000510033030000370038150400510041865000300046965000200049970000160051970000400053556496BD-RjUL20211209080414.0161129s2003 enka b 001 0 eng  a0521826845 a0521534267 (pb.) a(BD-RjUL)56620 aDLCcDLCdBD-RjULbeng aeng00a657223bCLC 20031 aClarke, Frank L.10aCorporate collapse :baccounting, regulatory, and ethical failure /cFrank Clarke, Graeme Dean, Kyle Oliver. a2nd ed. aNew York :bCambridge University Press,c2003. axxviii, 383 p. :bill. ;c24 cm. aIncludes bibliographical references and index. 0aAccounting.xCorporations 0aBusiness ethics1 aDean, G. W.1 aOliver, K. G.q(Kyle Gaius),d1965-